Cibernética y biología /

Contenido: Cibernética de la célula; La neurona: propagación del código nervioso; El sistema nervioso reflejo; Centros superiores de control y coordinación; Cibernética de las vías sensitivas y motrices, transmisoras de la información nerviosa; La memoria.

שמור ב:
מידע ביבליוגרפי
מחבר ראשי: Goudot-Perrot, Andrée (autor)
פורמט: ספר
שפה:ספרדית
יצא לאור: Barcelona, España : Oikos-Tau, 1970, c1970
סדרה:(¿Qué Sé? ; 13)
נושאים:
תגים: הוספת תג
אין תגיות, היה/י הראשונ/ה לתייג את הרשומה!

MARC

LEADER 00000nam^a2200000^a^4500
001 000186879
005 20250521000000.0
009 20260310102240.439
037 |a Acervo ITESO - Biblioteca 
041 |a ESP 
082 |a 003. 5  |b GOU 
100 |a Goudot-Perrot, Andrée  |e (autor) 
245 1 0 |a Cibernética y biología /  |c A. Goudot-Perrot ; tr. por José Luis Ruiz Castillo. 
264 4 |a Barcelona, España :  |b Oikos-Tau,  |c 1970, c1970 
300 |a 126 p. 
336 |a texto  |b txt  |2 rdacontenido 
337 |a sin mediación  |b n  |2 rdamedio 
338 |a volumen  |b nc  |2 rdasoporte 
440 1 |a (¿Qué Sé? ;  |v 13) 
500 |a Traducción de: Cybernétique et biologie 
520 |a Contenido: Cibernética de la célula; La neurona: propagación del código nervioso; El sistema nervioso reflejo; Centros superiores de control y coordinación; Cibernética de las vías sensitivas y motrices, transmisoras de la información nerviosa; La memoria. 
649 |a XX 
650 |a Células 
650 |a Neuronas 
650 |a Cerebro 
650 |a Sistema Nervioso 
650 |a Control -  |x Teoría 
650 |a Movimiento 
650 |a Memoria 
650 |a Psicología Cognitiva 
650 |a Biocibernética 
650 |a Cibernética 
650 |a Biología 
650 |a Ingeniería Computacional 
910 |a Fondo Armando Suárez Gómez 
920 |a Impresos - Libros 
930 |a Fondos Especiales 
905 |a 111 
901 |a 0700000002  |b IT2  |c ESP  |u 20250521 
902 |a https://opac.biblio.iteso.mx/vufind/Record/000186879